000 00510nam a2200157Ia 4500
008 210716s2009 xx 000 0 und d
020 _a9780073382364
041 _aeng
082 _a658.152 ROSS
100 _aRoss, Stephen A;Westerfield, Randolph W;Jaffe, Jeffrey F;Jordan, Bradford D.
245 _aCorporate finance: core principles and application
_bCore principles and application
250 _a2
260 _aNew York
_bMcGraw Hill
_c2009
300 _axxxiii,698
650 _aFinancial Management
999 _c206345
_d206345